000
00332nam a2200133Ia 4500
008
231017s9999 xx 000 0 und d
082
_a
388.4
082
_b
BUX
245
0
_a
NCHRP Synthesis 391: Public Sector Decision Making for Public-Private Partnerships
245
0
_c
TRB
260
_b
TRB
300
_c
30cm
942
_c
REP
999
_c
604107
_d
604107